Germán Darío Pérez : antología pianística /

Bibliographic Details
Other Authors: Otero, Andrés, 1990- (Editor, contributor agent of text.)
Format: Electronic eBook
Language:Spanish
Published: Popayán, Colombia : Editorial Universidad del Cauca, 2022.
Edition:Primera edición en español.
Subjects:
Online Access:Digitalia Hispánica

MARC

LEADER 00000nam a2200000Ii 4500
001 DIGUCAUCA0196
003 NyNyDIG
006 m o d
007 cr |||||||||||
008 250818s2022 ck uua ob 001 0 spa d
035 |a (OCoLC)1534296653 
040 |a DGITA  |b eng  |e rda  |e pn  |c DGITA 
024 2 |a 9790801644114  |q eBook 
024 2 |z 9790801644084 
043 |a s-ck--- 
050 1 4 |a ML410 ebook 
245 0 0 |a Germán Darío Pérez :  |b antología pianística /  |c edición y notas críticas, Andrés Otero. 
250 |a Primera edición en español. 
264 1 |a Popayán, Colombia :  |b Editorial Universidad del Cauca,  |c 2022. 
300 |a 1 online resource (1 score) 
336 |a notated music  |b ntm  |2 rdacontent 
337 |a computer  |b c  |2 rdamedia 
338 |a online resource  |b cr  |2 rdacarrier 
347 |a text file  |2 rdaft 
347 |b PDF 
504 |a Includes bibliographical references and index. 
588 0 |a Online resource; title from PDF title page (Digitalia, viewed August 18, 2025) 
650 0 |a Music  |x Criticism and interpretation. 
650 0 |a Piano music  |z Colombia. 
650 0 |a Folk music  |z Colombia. 
700 1 |a Otero, Andrés,  |d 1990-  |e editor,  |e contributor agent of text. 
776 0 8 |i Print version:  |t Germán Darío Pérez.  |b Primera edición en español.  |d Popayán, Colombia : Editorial Universidad del Cauca, 2022  |z 9790801644084 
791 2 |a Digitalia (Firm),  |e distributor. 
793 0 |g Digitalia eBook Collection:  |a Editorial Universidad del Cauca 
856 4 0 |3 Digitalia Hispánica  |u https://www.digitaliapublishing.com/a/175626/ 
910 |a Premium collection: 2025